| 000 | 01378nam a2200265 i 4500 | ||
|---|---|---|---|
| 003 | DO-SdBNP | ||
| 005 | 20250422113754.0 | ||
| 007 | ta | ||
| 008 | 240403e2014 sp ac||| |||| 00| 1 spa d | ||
| 020 | _a9789945498172 | ||
| 040 |
_aDO-SdBNP _bspa _cBNPHU _erda |
||
| 082 | 4 |
_axxx _bD671J _222 |
|
| 100 | 1 |
_aDominguez, Jaime de Jesús _eautor _4aut. _984417 |
|
| 245 | 1 |
_aJuan Pablo Duarte Diez : _bindependentista restaurador / _cJaime de Jesús Dominguez |
|
| 264 | 1 |
_aSanto Domingo : _bUniversitaria UASD, _c2014 |
|
| 300 |
_a344 páginas ; _c24 cm |
||
| 336 |
_atexto _btxt _2rdacontent |
||
| 337 |
_asin medición _bn _2rdamedia |
||
| 338 |
_avolumen _bnc _2rdacarrier |
||
| 505 | _aMedio antillano y poblamiento indígena 13|Las tradiciones preagrícolas 29|Migraciones Arauacas y formación de las comunidades taínas 55|Una comunidad : vida cotidiana y base material 89|Organización social 109|Religión y mitología taínas 133|Los caribes 149|Implantación de la dominación española en Santo Domingo 179|La encomienda 197|Conquista y colonización de Puerto Rico, Jamaica y Cuba 223|Rebeliones de indios 241|Los Caribes frente a los Europeos 259|Evolución de los Caribes en los reductos de San Vicente y Dominicana 283|Remanentes indígenas en las antillas hispánicas 297 | ||
| 590 | _aInventariado 2024/DG | ||
| 650 | 4 | _987495 | |
| 910 | _aDG | ||
| 942 |
_2ddc _cLBS1 |
||
| 999 |
_c58746 _d58746 |
||